E3(九州道)のIC - Statistics

General Stats
  • This quiz has been taken 184 times
    112 since last reset
  • The average score is 39 of 64
Answer Stats
Hint Answers % Correct
IC 福岡
97%
JCT 鳥栖
92%
IC 熊本
92%
IC 鹿児島
91%
IC 門司
86%
IC 太宰府
86%
IC 八代
86%
JCT 八代
86%
IC 久留米
85%
IC 筑紫野
81%
JCT 北九州
80%
PA 玉名
80%
IC 八女
77%
IC 人吉
77%
IC 八幡
76%
SA 古賀
73%
IC 古賀
73%
PA 基山
73%
IC 広川
71%
SA 広川
71%
IC 南関
70%
IC 植木
70%
PA えびの
70%
IC えびの
70%
JCT えびの
70%
IC 小倉南
68%
PA 直方
68%
IC 小倉東
66%
IC 若宮
66%
IC 鞍手
63%
PA 鞍手
63%
IC 益城熊本空港
63%
SIC 北熊本
62%
SA 北熊本
62%
IC 姶良
62%
PA/SIC 須恵
59%
IC 松橋
58%
SIC 宮田
54%
JCT 嘉島
54%
IC 御船
53%
IC みやま柳川
52%
IC 菊水
52%
IC 新門司
51%
IC 鹿児島北
48%
IC 溝辺鹿児島空港
46%
SA 山江
44%
PA 吉志
43%
SA/SIC 桜島
43%
PA 山川
42%
PA 緑川
42%
PA 坂本
42%
PA 吉松
42%
SIC 城南
41%
JCT 加治木
41%
IC 加治木
41%
PA 託麻
39%
SIC 小郡鳥栖南
38%
SA 宮原
37%
SIC 人吉球磨
35%
IC 栗野
35%
PA 溝辺
34%
SIC 宇城氷川
33%
IC 横川
32%
IC 薩摩吉田
32%
No matching quizzes found
Score Distribution
Percent of People with Each Score
Percentile by Number Answered
Your Score History
You have not taken this quiz since the last reset